000 00288nam a22001337a 4500
008 170529b xxu||||| |||| 00| 0 eng d
020 _a090360860X
041 _aeng
080 _a624
100 _a27
101 _aIM
245 _aMACHINE INTELLIGENCE
_cGOMERSALL, A
942 _2udc
_cBK
999 _c14828
_d14828